Un soir, au cirque / (Record no. 57993)

MARC details
000 -LEADER
fixed length control field 00609 a2200181 4500
008 - FIXED-LENGTH DATA ELEMENTS--GENERAL INFORMATION
fixed length control field 230307b ||||| |||| 00| 0 eng d
020 ## - INTERNATIONAL STANDARD BOOK NUMBER
International Standard Book Number 9782090312942
050 ## - LIBRARY OF CONGRESS CALL NUMBER
Classification number PC2109
Item number .T46 2020
100 ## - MAIN ENTRY--PERSONAL NAME
Personal name Tempesta, Giovanna,
245 ## - TITLE STATEMENT
Title Un soir, au cirque /
Statement of responsibility, etc Giovanna Tempesta
260 ## - PUBLICATION, DISTRIBUTION, ETC. (IMPRINT)
Name of publisher, distributor, etc CLE International;
Date of publication, distribution, etc c2020
Place of publication, distribution, etc [Paris]:
300 ## - PHYSICAL DESCRIPTION
Extent 1 vol. (48 p.) :
Other physical details ill. en coul. ;
Dimensions 21 cm
440 ## - SERIES STATEMENT/ADDED ENTRY--TITLE
Title Découverte : A2.2 [2]
500 ## - GENERAL NOTE
General note La couv. porte en plus : "Audio téléchargeable".<br/>Lecture en français facile
650 ## - SUBJECT ADDED ENTRY--TOPICAL TERM
Source of heading or term French language
General subdivision Readers.
650 ## - SUBJECT ADDED ENTRY--TOPICAL TERM
Source of heading or term French language.
942 ## - ADDED ENTRY ELEMENTS (KOHA)
Item type Book
Source of classification or shelving scheme Library of Congress Classification
Holdings
Withdrawn status Lost status Source of classification or shelving scheme Damaged status Not for loan Collection code Home library Current library Shelving location Date acquired Source of acquisition Cost, normal purchase price Total Checkouts Total Renewals Full call number Barcode Date last seen Date last borrowed Copy number Price effective from Koha item type
    Library of Congress Classification     Fiction Bishop Okullu Memorial Library (Limuru Campus) Bishop Okullu Memorial Library (Limuru Campus) General Circulation 07/03/2023 Purchase 1.00 1 1 PC2109 .T46 2020 069665 13/06/2025 15/05/2025 1 07/03/2023 Book